RICS announces University Partnership Review Board (Record no. 66242)
[ view plain ]
| 000 -LEADER | |
|---|---|
| fixed length control field | 01177cam a2200229 4500 |
| 001 - CONTROL NUMBER | |
| control field | WB3709-10 |
| 008 - FIXED-LENGTH DATA ELEMENTS--GENERAL INFORMATION | |
| fixed length control field | 000000n2001 000 0 eng u |
| 035 ## - SYSTEM CONTROL NUMBER | |
| System control number | (Sirsi) u111192 |
| 245 ## - TITLE STATEMENT | |
| Title | RICS announces University Partnership Review Board |
| 260 ## - PUBLICATION, DISTRIBUTION, ETC. | |
| Date of publication, distribution, etc. | 2001 |
| 490 ## - SERIES STATEMENT | |
| Series statement | RICS Press Release |
| Volume/sequential designation | (pr028) 27 February 2001, (5) |
| 520 ## - SUMMARY, ETC. | |
| Summary, etc. | The RICS has published details of the board which will, at the request of the university or college concerned, review whether or not the RICS selection criteria for partnership status have been accurately applied by the RICS Partnership and Accreditation Board. The University Partnership Review Board will be chaired by Dr Martin Gaskell, Principal of University College Northampton, the other members being Michael Finn FRICS and Dr Liz Jones, a member of the Quality Assurance Agency university visiting panels. |
| 590 ## - LOCAL NOTE (RLIN) | |
| Local note | WB |
| 650 ## - SUBJECT ADDED ENTRY--TOPICAL TERM | |
| Topical term or geographic name entry element | ACCREDITED COURSES |
| 650 ## - SUBJECT ADDED ENTRY--TOPICAL TERM | |
| Topical term or geographic name entry element | ACCREDITED DEGREES |
| 650 ## - SUBJECT ADDED ENTRY--TOPICAL TERM | |
| Topical term or geographic name entry element | RICS |
| 650 ## - SUBJECT ADDED ENTRY--TOPICAL TERM | |
| Topical term or geographic name entry element | RICS PARTNERSHIP AND ACCREDITATION BOARD |
| 650 ## - SUBJECT ADDED ENTRY--TOPICAL TERM | |
| Topical term or geographic name entry element | RICS UNIVERSITY PARTNERSHIP REVIEW BOARD |
| 650 ## - SUBJECT ADDED ENTRY--TOPICAL TERM | |
| Topical term or geographic name entry element | UNIVERSITY PARTNERSHIPS |
| 690 ## - LOCAL SUBJECT ADDED ENTRY--TOPICAL TERM (OCLC, RLIN) | |
| Topical term or geographic name as entry element | CAREERS, EDUCATION AND TRAINING |
| 942 ## - ADDED ENTRY ELEMENTS (KOHA) | |
| Suppress in OPAC | 0 |
| Withdrawn status | Lost status | Source of classification or shelving scheme | Damaged status | Not for loan | Home library | Current library | Shelving location | Date acquired | Total Checkouts | Full call number | Barcode | Date last seen | Copy number | Price effective from | Koha item type |
|---|---|---|---|---|---|---|---|---|---|---|---|---|---|---|---|
| Dewey Decimal Classification | London | London | News article | 28/02/2001 | WB3709-10 | 111192-1001 | 06/08/2019 | 1 | 06/08/2019 | News article |